01617nam a2200253 i 450000100060000000300090000600500170001500700030003200800410003502000150007604000130009110000370010424501060014126000370024730000290028449000250031349000470033852008090038565500290119470000360122383000250125983000470128485200320133121279ES-MaACL20250703063056.0t|021122s1985 sp ||||1| spa d a8433912712 cES-MaACL1 aAdams, Douglas, d1952-2001eaut13aLa vida, el universo y todo lo demás / cDouglas Adams ; traducción de Benito Gómez Ibáñez. aBarcelona : bAnagrama, c[1985] a187 páginas ; c20 cm.1 aContraseñas ; v711 aGuía del autoestopista galáctico ; p3 aEn La vida, el universo y todo lo demás prosiguen las cósmicas y cómicas aventuras iniciadas en la Guía del autoestopista galáctico y El restaurante del fin del mundo, la universalmente aclamada «trilogía en cinco partes», cuyos volúmenes (no nos cansaremos de repetirlo) pueden leerse de forma independiente, que se completa con Hasta luego, y gracias por el pescado e Informe sobre la Tierra: fundamentalmente inofensiva. En este libro encontramos a intrépidos y conocidos personajes: Arthur Dent, el único humano que sobrevivió a la demolición de la Tierra; Marvin, el androide paranoide, el más depresivo robot de la historia de la literatura; Zaphod Beeblebrox, antiguo Presidente de la Galaxia y un tipo muy presentable, a quien le ocurre que tiene dos cabezas. Y así.  72tgfbneaNovelas de humor0 aGómez Ibáñez, Benitoetrl0 aContraseñas ; v7100aGuía del autoestopista galáctico ; v3 aES-MaACLjL-8862 bR.110447